00545nam a2200145Ia 4500008004100000245009100041260004200132260000900174300000900183650002600192650001200218856007700230999001900307952007300326170516s9999 xx 000 0 und d aNational survey on the practice of radiation therapists in Australia (pages 104–113) bJournal of Medical Radiation Sciences c2016 a63:2 xRadiologic Technology xRadtech uhttp://onlinelibrary.wiley.com/doi/10.1111/jmrs.2016.63.issue-2/issuetoc c332660d332660 001040aCLbCLd2017-05-16l0r2017-05-16 00:00:00w2017-05-16yFOJ